00743nam a2200217Ia 4500003000900000008004100009020001900050040001600069080002500085100002300110245008900133260003500222300001700257650004100274650002500315650002800340700003000368942000700398999001500405952010500420IN-BaIIA211028s9999 xx 000 0 eng d a0-12-0038815-3 cIIA Library a047.1:539.18bADV-15 aBates, D. R.94546 0aAdvanced in atomic and molecular physicsbvol.15cD. R. Bates and Benjamin Bederson aNew YorkbAcademic Pressc1979 axviii, 544p. aAstronomy and Astrophysics Thesaurus aAtomic physics91547 aMolecular physics91914 aBederson, Benjamin912247 cBK c7140d7140 00104070aBANbBANcGENd1982-08-13l0o047.1:539.18/ ADV-15p7934r2021-11-05w1982-08-13yBK 63